000 006500000a22002050004500
090 _aAR
_b00449
245 1 0 _aVariation in the demography of guppy populations: the importance of predation and life histories
650 1 4 _aDemografía
_94447
650 1 4 _aDinámica poblacional
_9608
650 1 4 _aPeces
_992349
650 1 4 _aDepredación
_973352
653 _gPoecilia
_ePoecilia reticulata
_vgupi
653 _gRivulus
_eRivulus hartii
653 _gCrenicichla
_eCrenicichla alta
041 0 _aInglés
700 1 _aReznick, David N.
_993422
100 1 _aRodd, F. Helen
_993423
942 _cARTICULO
773 1 _tEcology
_357
_h2
_q405-418
_d1997
_g78
999 _c9545
_d9545